Szczegóły MARC21

Noncommutative harmonic analysis with applications to probability /

003 -Nazwa inst., której nr kontr. jest w polu 001 [,]
    • @
    • Nazwa instytucji, której n kontrolny jest w polu 001
    • NUKAT
005 -DATA I CZAS OSTATNIEJ MODYFIKACJI [,]
    • @
    • pole kontrolne
    • 20241231114833.0
040 -Instytucja sporządzająca opis [ , ]
    • a
    • Instytucja, która sporządziła opis (NP)
    • GD 015/JK
    • c
    • Instytucja, która sporządziła rekord (NP)
    • GD 015/JK
    • d
    • Instytucja, która zmodyfikowała rekord (P)
    • GD 015/OG
    • d
    • Instytucja, która zmodyfikowała rekord (P)
    • GD 015/EOs
    • d
    • Instytucja, która zmodyfikowała rekord (P)
    • KR U/BMigs
942 -Rodzaj dokumentu [ , ]
    • c
    • Rodzaj dokumentu
    • Książka
245 -Strefa tytułu i oznaczenia odpowiedzialności [0,0]
    • a
    • Tytuł
    • Noncommutative harmonic analysis with applications to probability / Find
    • c
    • Pozostałe elementy strefy tytułu i oznaczenia odpowiedzialności (NP)
    • eds. Marek Bożejko [et al.].
260 -Strefa adresu wydawniczego [ , ]
    • a
    • Miejsce wydania (P)
    • Warszawa :
    • b
    • Nazwa wydawcy (P)
    • Instytut Matematyczny PAN,
    • c
    • Data wydania (P)
    • 2007.
300 -Strefa opisu fizycznego [ , ]
    • a
    • Określenie formy książki i/lub objętość (NP)
    • 320 s. :
    • b
    • Oznaczenie ilustracji (NP)
    • il. kolor. ;
    • c
    • Format (NP)
    • 25 cm.
336 -Typ zawartości [ , ]
    • a
    • Termin opisujący typ zawartości
    • Tekst
    • b
    • Kod określający zawartość
    • txt
    • 2
    • Źródło (terminu i kodu)
    • rdacontent
337 -Typ mediów [ , ]
    • a
    • Tryb odtwarzania
    • Bez urządzenia pośredniczącego
    • b
    • Kod typu mediów
    • n
    • 2
    • Źródło (terminu i kodu)
    • rdamedia
338 -Typ/rodzaj nośnika [ , ]
    • a
    • Hasło opisujące typ nośnika
    • Wolumin
    • b
    • Kod typu nośnika
    • nc
    • 2
    • Źródło (terminu i kodu)
    • rdacarrier
490 -Strefa serii i książki wielotomowej - forma nie do wyszukiwania [1, ]
    • a
    • Tytuł (P)
    • Banach Center Publications, Find
    • x
    • ISSN (NP)
    • 0137-6934 ;
    • v
    • Numeracja (P)
    • vol. 78
830 -Hasło dodatkowe serii i opisu książki wielotomowej - tytuł ujednolicony/tytuł [ ,0]
    • a
    • Tytuł ujednolicony/tytuł (NP)
    • Banach Center Publications
    • x
    • ISSN
    • 0137-6934
    • v
    • Oznaczenie tomu (NP)
    • 78
    • 9
    • KHW
    • 1157
500 -Uwaga ogólna [ , ]
    • a
    • Uwaga ogólna (NP)
    • Wstęp: 9th Workshop on Noncommutative Harmonic Analysis with Applications to Probability, Będlewo, Poland, Sept. 29-oct. 10, 2006.
504 -Uwaga dot. bibliogr. załącznikowej [ , ]
    • a
    • Uwaga dot. bibliografii załącznikowej
    • Bibliogr. przy ref.
080 -Uniwersalna Klasyfikacja Dziesiętna [ , ]
    • 2
    • Identyfikator wydania tablic
    • UDC-P058
    • 9
    • UKD
    • 4062
    • a
    • Symbol klasyfikacji
    • 517.98
    • b
    • Dopowiedzenie
    • Analiza funkcjonalna. Teoria operatorów. Przestrzenie Banacha. Przestrzenie Hilberta. Transformacje Fouriera. Równania operatorowe. Teoria spektralna operatorów liniowych. Analiza harmoniczna.
    • 4
    • UKD2
    • 7641
    • x
    • Poddział wspólny
    • (061)
    • c
    • Dopowiedzenie poddz. wspólnego
    • (Wydawnictwa odnoszące się do konferencji, zjazdów itd. Sprawozdania z konferencji).
    • 4
    • UKD2
    • 7644
    • x
    • Poddział wspólny
    • =111
    • c
    • Dopowiedzenie poddz. wspólnego
    • =Język angielski.
650 -Hasło przedmiotowe [ ,7]
    • a
    • Hasło przedmiotowe
    • Analiza harmoniczna (matematyka)
    • v
    • Określnik formalny
    • konferencje.
    • 2
    • Źródło terminu
    • kaba
    • 9
    • KHW
    • 370742
650 -Hasło przedmiotowe [ ,7]
    • a
    • Hasło przedmiotowe
    • Algebry nieprzemienne
    • v
    • Określnik formalny
    • konferencje.
    • 2
    • Źródło terminu
    • kaba
    • 9
    • KHW
    • 370743
650 -Hasło przedmiotowe [ ,7]
    • a
    • Hasło przedmiotowe
    • Grupy kwantowe
    • v
    • Określnik formalny
    • konferencje.
    • 2
    • Źródło terminu
    • kaba
    • 9
    • KHW
    • 370740
650 -Hasło przedmiotowe [ ,7]
    • a
    • Hasło przedmiotowe
    • Procesy Markowa
    • v
    • Określnik formalny
    • konferencje.
    • 2
    • Źródło terminu
    • kaba
    • 9
    • KHW
    • 370741
980 -Symbol UKD [ , ]
    • a
    • UKD
    • 517.98(061)=111
700 -Hasło dodatkowe - nazwa osobowa [1, ]
    • a
    • Nazwa osobowa (NP)
    • Bożejko, Marek. Find
    • e
    • Określenie rodzaju współpracy
    • Red.
    • 9
    • KHW
    • 12463
710 -Hasło dodatkowe - nazwa ciała zbiorowego [2, ]
    • a
    • Nazwa ciała zbiorowego lub nazwa geograficzna jako pierwszy element (NP)
    • Polska Akademia Nauk.
    • b
    • Nazwa jednostki podrzędnej (P)
    • Instytut Matematyczny.
    • 4
    • Kod relacji
    • pbl
    • 9
    • KHW
    • 10875
711 -Hasło dodatkowe - nazwa imprezy [2, ]
    • a
    • Nazwa imprezy (NP)
    • Workshop on Noncommutative Harmonic Analysis with Applications to Probability
    • n
    • Numer imprezy (P)
    • (9 ;
    • d
    • Data imprezy (NP)
    • 2006 ;
    • c
    • Miejsce imprezy (NP)
    • Będlewo).
    • 9
    • KHW
    • 686191
Lokalizacja Data inwentaryzacji Status udost. Numer inwentarzowy Sygnatura
BG2008-11-061N.19187N.18821/78